000 01055cam a22001934a 4500
005 20250605164028.0
008 250528s ||||||||||||||||||||||||d
035 _a16517
040 _aGR-AtMCL
_bgre
_dGR-AtMCL
_eAACR2
245 1 _aΗ Ερμηνεία των Συμβόλων
250 _a
300 _a112
520 _aΤο βιβλίο αυτό περιέχει 493 ταξινομημενα εικονογραφημενα επιλεγμένα και επεξηγημένα σύμβολα. Γενικά Σύμβολα, Ο Σταυρός, Το Μονόγραμμα του Χριστού, Άλλα Χριστιανικά Σύμβολα, Το Μονόγραμμα, Τεκτονικά Σύμβολα, Αστρολογικά Σύμβολα, Βοτανικά Σύμβολα, Χημικά Σύμβολα, Οικόσημα & Σήματα Ιδιοκτησίας, Σήματα από Διάφορες Πηγές, Runes.
700 1 _aKoch R
_92616
700 1 _aΓρηγ. Φούντας
_92617
942 _cBK
999 _c2011
_d2011